00428nam a22001577a 4500003000400000008004100004020001800045082001400063100003800077245007800115250001300193260002900206300001100235650000800246700001600254OSt240507b |||||||| |||| 00| 0 eng d a9789354643026 a658.4 RAI aRAINER, R. Kelly and PRINCE, Brad aIntroduction to Information Systems: Supporting and Transforming Business a9th. ed. aNew Delhi,bWiley,c2022 a578 p. aMBA aLAL, Prerna